[Event "Collado Villalba op-A 32nd"]
[Site "Collado Villalba"]
[Date "2015.08.29"]
[Round "8"]
[White "Gutierrez Mordini, Pablo"]
[Black "Rodriguez Melendez, Juan Humbert"]
[Result "0-1"]
[WhiteElo "1902"]
[BlackElo "2130"]
[PlyCount "100"]
[EventDate "2015.08.22"]
[EventType "swiss"]
[EventRounds "9"]
[EventCountry "ESP"]
[SourceTitle "EXT 2016"]
[Source "ChessBase"]
[SourceDate "2015.10.08"]
[SourceVersion "1"]
[SourceVersionDate "2015.10.08"]
[SourceQuality "1"]

1. d4 Nf6 2. Nf3 g6 3. c4 Bg7 4. Nc3 0-0 5. e4 d6 6. Be2 e5 7. 0-0 Nc6 8. d5 Ne7 9. Nd2 Nd7 10. Rb1 f5 11. b4 Nf6 12. f3 Rf7 13. c5 f4 14. Ba3 g5 15. Nc4 Ng6 16. b5 Bf8 17. Na4 b6 18. cxd6 cxd6 19. Qd3 h5 20. Bb4 Ne8 21. Qa3 Rb8 22. Nab2 g4 23. Rfc1 Rg7 24. Nd3 Qf6 25. Ne1 Nh4 26. Bf1 Qe7 27. Nd2 Qg5 28. Rc6 g3 29. Nc4 Bh3 30. Qb2 Rg6 31. Rc1 Rb7 32. Qe2 Rbg7 33. Rc2 Bd7 34. h3 Qf6 35. Qd1 Rg5 36. Qb1 R7g6 37. a4 Rg7 38. a5 Bxc6 39. dxc6 Qd8 40. axb6 axb6 41. Qa2 d5 42. Bxf8 Kxf8 43. Rd2 Qb8 44. Qa3+ Kg8 45. Rxd5 Nc7 46. Rxe5 Nxb5 47. Qb2 Rxe5 48. Nxe5 Nd6 49. Nd7 Qc7 50. Qxb6 Rxd7 0-1

[Event "Collado Villalba op-A 32nd"]
[Site "Collado Villalba"]
[Date "2015.08.27"]
[Round "6"]
[White "Gutierrez Mordini, Pablo"]
[Black "Cabrera Jimenez, Julio"]
[Result "1-0"]
[WhiteElo "1902"]
[BlackElo "1801"]
[PlyCount "129"]
[EventDate "2015.08.22"]
[EventType "swiss"]
[EventRounds "9"]
[EventCountry "ESP"]
[SourceTitle "EXT 2016"]
[Source "ChessBase"]
[SourceDate "2015.10.08"]
[SourceVersion "1"]
[SourceVersionDate "2015.10.08"]
[SourceQuality "1"]

1. Nf3 Nf6 2. d4 d5 3. c4 dxc4 4. Nc3 a6 5. a4 b6 6. Bg5 e6 7. e3 Bb7 8. Bxc4 Be7 9. 0-0 0-0 10. Ne5 Nbd7 11. f4 Nxe5 12. fxe5 Ne4 13. Bxe7 Qxe7 14. Bd3 Nxc3 15. bxc3 Qg5 16. Qe2 Rad8 17. Rf4 Qe7 18. Bxh7+ Kxh7 19. Qh5+ Kg8 20. Rh4 f6 21. Rf1 f5 22. g4 Qe8 23. Qh7+ Kf7 24. g5 Ke7 25. Qxg7+ Qf7 26. Qf6+ Kd7 27. Kf2 Qxf6 28. exf6 Rh8 29. Rxh8 Rxh8 30. Kg3 Ke8 31. h4 Kf7 32. Rf2 Bd5 33. Rh2 Rh5 34. Rb2 a5 35. Rb5 Bc4 36. Rb2 Bd3 37. Kh3 Bc4 38. Kg3 Rh8 39. Rb1 Be2 40. Re1 Bh5 41. Kf4 Rd8 42. Rb1 Rd6 43. c4 Rc6 44. Rc1 Be2 45. Ke5 Rd6 46. Rc2 Bh5 47. Rc3 Rd7 48. d5 exd5 49. cxd5 Bf3 50. Rd3 Bg4 51. Rd4 Rd8 52. Kf4 Rh8 53. Rc4 Rc8 54. Rc3 Bh5 55. Kxf5 Bg6+ 56. Kf4 Ke8 57. e4 Kd7 58. e5 Re8 59. Rc6 Rh8 60. e6+ Kd8 61. f7 Bxf7 62. exf7 Rxh4+ 63. Kf5 Ke7 64. Rxc7+ Kf8 65. g6 1-0

[Event "Collado Villalba op 30th"]
[Site "Collado Villalba"]
[Date "2013.08.28"]
[Round "6"]
[White "Madurga Lopez, Ignacio"]
[Black "Gutierrez Mordini, Pablo"]
[Result "1-0"]
[WhiteElo "2074"]
[BlackElo "1801"]
[PlyCount "151"]
[EventDate "2013.08.23"]
[EventType "swiss"]
[EventRounds "9"]
[EventCountry "ESP"]
[SourceTitle "CBM 156 Extra"]
[Source "ChessBase"]
[SourceDate "2013.10.22"]
[SourceVersion "1"]
[SourceVersionDate "2013.10.22"]
[SourceQuality "1"]

1. e4 e5 2. Bc4 Nc6 3. Nc3 Nf6 4. d3 Bb4 5. Bg5 d6 6. Nge2 h6 7. Bd2 Na5 8. a3 Bxc3 9. Nxc3 Nxc4 10. dxc4 Be6 11. Qe2 Qe7 12. Nd5 Bxd5 13. cxd5 Nd7 14. Qg4 g6 15. 0-0-0 0-0-0 16. f4 exf4 17. Bc3 Qg5 18. Qxg5 hxg5 19. Bxh8 Rxh8 20. Rdf1 Re8 21. h4 f6 22. h5 gxh5 23. Rxh5 Nc5 24. Rfh1 Nxe4 25. Rh8 Rxh8 26. Rxh8+ Kd7 27. Rh7+ Kc8 28. Rf7 g4 29. Kd1 f3 30. gxf3 gxf3 31. Re7 Ng5 32. Ke1 a6 33. Kf2 Kb8 34. Ke3 c6 35. dxc6 bxc6 36. Re8+ Kc7 37. Rf8 Kb6 38. Rxf6 d5 39. Rf5 Ne6 40. Rxf3 Nc5 41. Kd4 Nb7 42. Rb3+ Kc7 43. Ke5 Nc5 44. Rh3 Nd7+ 45. Kd4 Kb6 46. Rh7 Nc5 47. Re7 Nb7 48. b3 Nd6 49. Kd3 Nb7 50. Re8 Nd6 51. Rb8+ Kc7 52. Rh8 Kb6 53. a4 a5 54. Rb8+ Kc7 55. Rf8 Kb6 56. Kd4 Nb7 57. Rb8 Kc7 58. Rh8 Kb6 59. Rh7 Nd8 60. Re7 Nb7 61. Rxb7+ Kxb7 62. Kc5 Kc7 63. c4 dxc4 64. bxc4 Kd7 65. Kb6 Kd6 66. Kxa5 Kc5 67. Ka6 Kxc4 68. Kb6 Kb4 69. a5 c5 70. a6 c4 71. a7 c3 72. a8Q Kb3 73. Qd5+ Kb2 74. Kb5 Kc1 75. Kc5 c2 76. Kd4 1-0

[Event "Collado Villalba op 30th"]
[Site "Collado Villalba"]
[Date "2013.08.26"]
[Round "4"]
[White "Ledo Galan, Jose Emilio"]
[Black "Gutierrez Mordini, Pablo"]
[Result "1/2-1/2"]
[WhiteElo "2044"]
[BlackElo "1801"]
[PlyCount "106"]
[EventDate "2013.08.23"]
[EventType "swiss"]
[EventRounds "9"]
[EventCountry "ESP"]
[SourceTitle "CBM 156 Extra"]
[Source "ChessBase"]
[SourceDate "2013.10.22"]
[SourceVersion "1"]
[SourceVersionDate "2013.10.22"]
[SourceQuality "1"]

1. e4 e5 2. Nf3 Nc6 3. d4 exd4 4. Nxd4 d6 5. Nxc6 bxc6 6. Nc3 Nf6 7. Bc4 Be6 8. Bxe6 fxe6 9. 0-0 Be7 10. Re1 e5 11. Qd3 Qd7 12. Qc4 d5 13. exd5 cxd5 14. Qb3 Qe6 15. Bf4 Bd6 16. Bg5 c6 17. Qb7 0-0 18. Qxc6 e4 19. Bf4 Rad8 20. Nb5 Ne8 21. Bxd6 Nxd6 22. Nc7 Qf7 23. Qxd5 Nc4 24. Qxf7+ Rxf7 25. Ne6 Rd2 26. Rad1 Rfxf2 27. Rxd2 Rxd2 28. Rxe4 Rxc2 29. Ng5 Nd6 30. Rd4 h6 31. Rxd6 hxg5 32. Ra6 Rxb2 33. Rxa7 Kh7 34. h3 g4 35. Kh2 gxh3 36. Kxh3 Kh6 37. g3 g6 38. a4 Rb1 39. Ra8 Rc1 40. Kh4 Rc4+ 41. g4 Rb4 42. a5 Rc4 43. a6 Ra4 44. a7 Kg7 45. Kg3 Ra3+ 46. Kf4 Ra4+ 47. Ke5 Ra5+ 48. Kd6 Ra1 49. g5 Rd1+ 50. Kc6 Rc1+ 51. Kd5 Rd1+ 52. Kc4 Rc1+ 53. Kb3 Ra1 1/2-1/2

[Event "Collado Villalba op 30th"]
[Site "Collado Villalba"]
[Date "2013.08.25"]
[Round "3"]
[White "Gutierrez Mordini, Pablo"]
[Black "Gil Rodriguez, Jose Francisco"]
[Result "1-0"]
[WhiteElo "1801"]
[BlackElo "1985"]
[PlyCount "95"]
[EventDate "2013.08.23"]
[EventType "swiss"]
[EventRounds "9"]
[EventCountry "ESP"]
[SourceTitle "CBM 156 Extra"]
[Source "ChessBase"]
[SourceDate "2013.10.22"]
[SourceVersion "1"]
[SourceVersionDate "2013.10.22"]
[SourceQuality "1"]

1. d4 d5 2. c4 e6 3. Nc3 c5 4. cxd5 exd5 5. Nf3 Nc6 6. Bf4 a6 7. g3 c4 8. Bg2 Bb4 9. 0-0 Nge7 10. a3 Ba5 11. b4 Bb6 12. Na4 Ba7 13. Nc5 0-0 14. Ne5 b6 15. Nxc6 Nxc6 16. Na4 Be6 17. e4 Rc8 18. Nc3 Ne7 19. e5 Qd7 20. Be3 Rcd8 21. Bg5 h6 22. Bxe7 Qxe7 23. f4 f5 24. Qe2 b5 25. Rad1 Bb6 26. Kh1 Rd7 27. Bh3 Kh8 28. Qh5 Kh7 29. Qe2 g6 30. g4 Qf7 31. gxf5 gxf5 32. Rg1 Rg8 33. Rxg8 Qxg8 34. Qh5 Qg6 35. Qxg6+ Kxg6 36. Bg2 Kf7 37. Kg1 Ke7 38. Kf2 Kd8 39. Ke3 Kc7 40. Bf3 Kc6 41. Rg1 Bf7 42. Rg7 h5 43. Bxd5+ Rxd5 44. Nxd5 Bxd5 45. Rg6+ Kb7 46. e6 c3 47. e7 c2 48. Kd2 1-0

[Event "Madrid-ch U18"]
[Site "Madrid"]
[Date "2012.12.26"]
[Round "1"]
[White "Gutierrez Mordini, Pablo"]
[Black "Martin Duque, Jesus"]
[Result "0-1"]
[WhiteElo "1702"]
[BlackElo "2251"]
[PlyCount "146"]
[EventDate "2012.12.26"]
[EventType "swiss"]
[EventRounds "7"]
[EventCountry "ESP"]
[SourceTitle "EXT 2014"]
[Source "ChessBase"]
[SourceDate "2013.11.20"]
[SourceVersion "1"]
[SourceVersionDate "2013.11.20"]
[SourceQuality "1"]

1. d4 Nf6 2. Nf3 d5 3. c4 c6 4. Nc3 dxc4 5. e3 b5 6. a4 b4 7. Na2 e6 8. Bxc4 Be7 9. 0-0 0-0 10. Bd2 a5 11. Nc1 Nbd7 12. Nd3 Nb6 13. Bb3 Ba6 14. Nfe5 Rc8 15. Qc2 Nfd7 16. Nxd7 Nxd7 17. Bc4 Bxc4 18. Qxc4 c5 19. Rac1 cxd4 20. Qxc8 Qxc8 21. Rxc8 Rxc8 22. exd4 Nb6 23. Nc5 Nc4 24. Bc1 Bxc5 25. dxc5 Rxc5 26. b3 Ne5 27. Be3 Rc6 28. Rc1 Rxc1+ 29. Bxc1 Kf8 30. Be3 Nd7 31. Kf1 Ke7 32. Ke2 Kd6 33. Kd3 Kd5 34. Ba7 e5 35. f3 f5 36. g3 g5 37. h4 g4 38. fxg4 fxg4 39. Kd2 Nc5 40. Kc2 Ne6 41. Bb6 Nd4+ 42. Kb2 Nc6 43. Kc2 Ke4 44. h5 Kf3 45. Kd3 e4+ 46. Kd2 Ne7 47. Bxa5 Nd5 48. Bd8 Kf2 49. Bg5 e3+ 50. Kd3 e2 51. Bd2 e1Q 52. Bxe1+ Kxe1 53. a5 Kf2 54. Ke4 Nf6+ 55. Kf5 Nxh5 56. a6 Ng7+ 57. Kxg4 Ne8 58. a7 Nc7 59. Kh4 Kf3 60. g4 Kf4 61. g5 Na8 62. Kh5 Kf5 63. Kh6 Kf4 64. Kh5 Kf5 65. Kh6 Nb6 66. Kh5 Kf4 67. Kh4 Kf3 68. Kh5 Kg3 69. g6 hxg6+ 70. Kxg6 Kf4 71. Kf6 Ke4 72. Ke6 Kd4 73. Kd6 Nc8+ 0-1

[Event "Collado Villalba op-A 29th"]
[Site "Collado Villalba"]
[Date "2012.08.31"]
[Round "8"]
[White "Gutierrez Mordini, Pablo"]
[Black "Perez de Villar Munoz, Eusebio"]
[Result "0-1"]
[WhiteElo "1690"]
[BlackElo "2023"]
[PlyCount "66"]
[EventDate "2012.08.24"]
[EventType "swiss"]
[EventRounds "9"]
[EventCountry "ESP"]
[SourceTitle "CBM 150 Extra"]
[Source "ChessBase"]
[SourceDate "2012.10.19"]
[SourceVersion "1"]
[SourceVersionDate "2012.10.19"]
[SourceQuality "1"]

1. d4 Nf6 2. c4 e5 3. dxe5 Ne4 4. Nf3 Nc6 5. e3 d6 6. exd6 Bxd6 7. a3 Qf6 8. Nbd2 Bf5 9. Nxe4 Bxe4 10. Bd3 Bxd3 11. Qxd3 0-0-0 12. Qc2 g5 13. Bd2 Ne5 14. Bc3 Nxf3+ 15. gxf3 Qxf3 16. Rf1 Rhe8 17. Qe2 Qe4 18. 0-0-0 Bxh2 19. Bd4 Rxd4 20. Rxd4 Qxd4 21. Qc2 Qe4 22. Rd1 Qxc2+ 23. Kxc2 Be5 24. Rh1 Rh8 25. Rh5 f6 26. Rh6 Kd7 27. b4 Ke7 28. Kd3 Kf7 29. Ke4 Kg7 30. Rh1 Re8 31. Kf5 Bb2 32. Rd1 Re5+ 33. Kg4 Kg6 0-1

[Event "Collado Villalba op-A 29th"]
[Site "Collado Villalba"]
[Date "2012.08.27"]
[Round "4"]
[White "Garcia Ruiz, Fuentes Angel M"]
[Black "Gutierrez Mordini, Pablo"]
[Result "1-0"]
[WhiteElo "1942"]
[BlackElo "1690"]
[PlyCount "91"]
[EventDate "2012.08.24"]
[EventType "swiss"]
[EventRounds "9"]
[EventCountry "ESP"]
[SourceTitle "CBM 150 Extra"]
[Source "ChessBase"]
[SourceDate "2012.10.19"]
[SourceVersion "1"]
[SourceVersionDate "2012.10.19"]
[SourceQuality "1"]

1. e4 e5 2. Bc4 Bc5 3. Nc3 Nf6 4. d3 d6 5. f4 Ng4 6. f5 h5 7. Nh3 Qh4+ 8. Kf1 Nf2 9. Qe1 g6 10. Nxf2 gxf5 11. Nh3 Qxe1+ 12. Kxe1 fxe4 13. dxe4 Bxh3 14. gxh3 Nc6 15. Rf1 0-0-0 16. Bg5 Rdf8 17. Kd2 Nd4 18. Na4 b5 19. Nxc5 bxc4 20. Na6 Rhg8 21. Be3 Rg2+ 22. Rf2 Rxf2+ 23. Bxf2 c5 24. c3 Ne6 25. b4 Kb7 26. b5 Ng5 27. Ke3 f5 28. exf5 Nxh3 29. Bg3 Rxf5 30. Rd1 Rf6 31. Bh4 Re6 32. Ke4 Rg6 33. Ke3 Nf4 34. Be7 Nd3 35. Rf1 Nf4 36. Ke4 Kb6 37. Bxd6 Rxd6 38. Kxe5 Re6+ 39. Kf5 Re3 40. Rxf4 Rxc3 41. a4 Rc2 42. h4 Ka5 43. Nxc5 Kb4 44. Nd7 Kxa4 45. b6 axb6 46. Rxc4+ 1-0

[Event "Collado Villalba op-A 29th"]
[Site "Collado Villalba"]
[Date "2012.08.26"]
[Round "3"]
[White "Gutierrez Mordini, Pablo"]
[Black "Martin Consuegra, Barrilero Javier"]
[Result "1-0"]
[WhiteElo "1690"]
[BlackElo "1895"]
[PlyCount "73"]
[EventDate "2012.08.24"]
[EventType "swiss"]
[EventRounds "9"]
[EventCountry "ESP"]
[SourceTitle "CBM 150 Extra"]
[Source "ChessBase"]
[SourceDate "2012.10.19"]
[SourceVersion "1"]
[SourceVersionDate "2012.10.19"]
[SourceQuality "1"]

1. d4 d6 2. c4 e5 3. dxe5 dxe5 4. Qxd8+ Kxd8 5. Nf3 f6 6. a3 Be6 7. e4 a5 8. Nc3 c6 9. Na4 Kc7 10. Be3 Nd7 11. c5 g5 12. Nd2 h5 13. Bc4 Bxc4 14. Nxc4 Nh6 15. f3 Nf7 16. 0-0-0 Ra6 17. Ncb6 Nb8 18. Rd2 Be7 19. Rhd1 Rd8 20. Nc3 Rxd2 21. Rxd2 Nd8 22. Kb1 Ne6 23. b4 axb4 24. axb4 Ra3 25. Kb2 Ra7 26. Ne2 Ra6 27. Ng3 Ng7 28. Nf5 Nxf5 29. exf5 Bf8 30. g3 Ra7 31. f4 Be7 32. fxg5 fxg5 33. h4 gxh4 34. gxh4 Bxh4 35. Bh6 Na6 36. Rd7+ Kb8 37. Bf8 1-0

[Event "Madrid San Viator op 18th"]
[Site "Madrid"]
[Date "2012.05.27"]
[Round "8"]
[White "Garcia Ruiz Fuentes, Angel Marcos"]
[Black "Gutierrez Mordini, Pablo"]
[Result "0-1"]
[WhiteElo "1873"]
[BlackElo "1735"]
[PlyCount "90"]
[EventDate "2012.03.25"]
[EventType "swiss"]
[EventRounds "9"]
[EventCountry "ESP"]
[SourceTitle "EXT 2013"]
[Source "ChessBase"]
[SourceDate "2012.11.22"]
[SourceVersion "1"]
[SourceVersionDate "2012.11.22"]
[SourceQuality "1"]

1. e4 e5 2. Bc4 Nf6 3. d4 Nxe4 4. dxe5 Qe7 5. Qd5 c6 6. Qxe4 d5 7. Bxd5 cxd5 8. Qxd5 Nc6 9. Nf3 Bg4 10. Nbd2 Rd8 11. Qe4 Qb4 12. Qc4 Qxc4 13. Nxc4 Bxf3 14. gxf3 Nd4 15. Kf1 b5 16. Nd6+ Bxd6 17. exd6 Rxd6 18. Bf4 Re6 19. c3 Nxf3 20. Be3 0-0 21. Kg2 Nh4+ 22. Kh3 Nf5 23. Bxa7 Re2 24. Rab1 Ra8 25. Rhe1 Rd2 26. a3 g6 27. Be3 Nxe3 28. fxe3 Rad8 29. Kg3 R8d3 30. h3 Rc2 31. Kf4 Rdd2 32. Ke5 Rxb2 33. Red1 Kg7 34. Rxb2 Rxb2 35. Ra1 Rh2 36. Kd4 Rxh3 37. Rb1 Rh5 38. e4 Kf6 39. c4 bxc4 40. Kxc4 Ra5 41. Kb4 Ra7 42. Re1 Ke5 43. a4 h5 44. a5 g5 45. Rg1 Kf4 0-1

[Event "Madrid San Viator op 18th"]
[Site "Madrid"]
[Date "2012.04.15"]
[Round "3"]
[White "Gutierrez Mordini, Pablo"]
[Black "Garcia Otero, Pedro"]
[Result "0-1"]
[WhiteElo "1735"]
[BlackElo "1701"]
[PlyCount "58"]
[EventDate "2012.03.25"]
[EventType "swiss"]
[EventRounds "9"]
[EventCountry "ESP"]
[SourceTitle "EXT 2013"]
[Source "ChessBase"]
[SourceDate "2012.11.22"]
[SourceVersion "1"]
[SourceVersionDate "2012.11.22"]
[SourceQuality "1"]

1. d4 Nf6 2. c4 c5 3. d5 b5 4. cxb5 a6 5. bxa6 Bxa6 6. g3 g6 7. Bg2 d6 8. Nc3 Bg7 9. Nf3 Nbd7 10. 0-0 0-0 11. Re1 Qc7 12. e4 Ng4 13. Qc2 Nge5 14. Nxe5 Nxe5 15. f4 Nd3 16. Be3 Nxe1 17. Rxe1 Bd4 18. h3 Qa5 19. Kh2 Bc4 20. Ra1 Bxe3 21. Nd1 Qe1 22. Nxe3 Qxa1 23. Nxc4 Rxa2 24. e5 Rb8 25. exd6 exd6 26. h4 Rbxb2 27. Nxb2 Qxb2 28. Qe4 c4 29. h5 Qxg2+ 0-1

[Event "Madrid San Viator op 16th"]
[Site "Madrid"]
[Date "2011.04.03"]
[Round "2"]
[White "Garcia Dorado, Alberto"]
[Black "Gutierrez Mordini, Pablo"]
[Result "1/2-1/2"]
[WhiteElo "1997"]
[BlackElo "1683"]
[PlyCount "171"]
[EventDate "2011.03.27"]
[EventType "swiss"]
[EventRounds "9"]
[EventCountry "ESP"]
[SourceTitle "EXT 2012"]
[Source "ChessBase"]
[SourceDate "2011.11.24"]
[SourceVersion "1"]
[SourceVersionDate "2011.11.24"]
[SourceQuality "1"]

1. e4 e5 2. Nf3 Nc6 3. d4 exd4 4. Bc4 h6 5. 0-0 Bc5 6. c3 dxc3 7. Bxf7+ Kxf7 8. Qd5+ Kf8 9. Qxc5+ d6 10. Qxc3 Qf6 11. Qb3 Qe6 12. Qb5 a6 13. Qe2 Nf6 14. Nc3 Kf7 15. Re1 Re8 16. Bg5 Kg8 17. Bxf6 Qxf6 18. Nd5 Qf7 19. Nd2 Be6 20. Nc3 Ne5 21. Rac1 Rac8 22. b3 Rf8 23. Nf1 Qg6 24. Ng3 h5 25. h4 Bg4 26. Qe3 Qf6 27. Rf1 Qxh4 28. f4 Ng6 29. Rc2 Bd7 30. Rcf2 Bc6 31. Nf5 Qg4 32. Nd4 Bd7 33. f5 Ne5 34. Nf3 Qg3 35. Ne2 Nxf3+ 36. Rxf3 Qe5 37. Ng3 h4 38. Ne2 Rce8 39. Rf4 Rxf5 40. Nd4 Rxf4 41. Rxf4 d5 42. Rxh4 dxe4 43. a4 c5 44. Ne2 Bc6 45. Qh3 Qe6 46. Qg3 Qe5 47. Qg6 e3 48. Qh7+ Kf8 49. Rf4+ Ke7 50. Rg4 Kd8 51. Rxg7 Qa1+ 52. Kh2 Qe5+ 53. Kg1 Qe4 54. Qh6 Qd5 55. Kh2 Qe6 56. Qg5+ Kc8 57. Kg3 Qxb3 58. Qf4 Qb6 59. Qd6 Qd8 60. Qxc5 Rg8 61. Rxg8 Qxg8+ 62. Kf4 Qf7+ 63. Kxe3 Qe6+ 64. Kf2 Qf6+ 65. Ke3 Qh6+ 66. Nf4 Kc7 67. a5 Qd6 68. Qxd6+ Kxd6 69. Kd4 Bd7 70. Nd3 Bc8 71. Ne5 Be6 72. g3 Bf5 73. Nf7+ Kc6 74. Ke5 Bc8 75. Nd8+ Kb5 76. Ne6 Kxa5 77. g4 b5 78. g5 Bxe6 79. Kxe6 b4 80. g6 b3 81. g7 b2 82. g8Q b1Q 83. Kd6 Qb4+ 84. Ke5 Qb5+ 85. Ke4 Ka4 86. Qa2+ 1/2-1/2

[Event "Madrid San Viator op 14th"]
[Site "Madrid"]
[Date "2010.04.18"]
[Round "3"]
[White "Gutierrez Mordini, Pablo"]
[Black "Romero Alfonso, Carlos"]
[Result "0-1"]
[WhiteElo "1697"]
[BlackElo "1883"]
[PlyCount "92"]
[EventDate "2010.03.28"]
[EventType "swiss"]
[EventRounds "9"]
[EventCountry "ESP"]
[SourceTitle "EXT 2011"]
[Source "ChessBase"]
[SourceDate "2010.11.26"]
[SourceVersion "1"]
[SourceVersionDate "2010.11.26"]
[SourceQuality "1"]

1. d4 Nf6 2. c4 c5 3. d5 b5 4. cxb5 a6 5. Bg5 Ne4 6. Bd2 axb5 7. g3 g6 8. Bg2 Nxd2 9. Qxd2 d6 10. Nf3 Bg7 11. 0-0 0-0 12. Rc1 b4 13. e4 Na6 14. Qc2 Nc7 15. Nbd2 Nb5 16. Bf1 Bd7 17. Bxb5 Bxb5 18. a4 Bd7 19. Ra2 f5 20. b3 f4 21. Rf1 Bh3 22. Re1 fxg3 23. fxg3 Qd7 24. Qd3 Qg4 25. a5 h5 26. Qe2 h4 27. Nxh4 Bd4+ 28. Kh1 Rf2 29. Qxg4 Bxg4 30. Rc1 g5 31. Ng2 Bh3 32. Ne1 Raf8 33. Nef3 Bg2+ 34. Kg1 Bxf3 35. Nxf3 R8xf3 36. Rxf2 Rxf2 37. Kh1 Ra2 38. Rf1 Bf6 39. Rb1 Rxa5 40. Kg2 g4 41. h4 Ra2+ 42. Kf1 Be5 43. Kg1 Bxg3 44. Kh1 Bxh4 45. Rg1 g3 46. e5 Rh2# 0-1